MARC

LEADER 00000nam0a2200000 4500
001 243127
005 20231101231937.0
010 |a 5279004251 
035 |a (RuTPU)RU\TPU\book\264463 
090 |a 243127 
100 |a 20130919d1990 k y0rusy50 ca 
101 0 |a rus 
102 |a RU 
105 |a y z 001zy 
200 1 |a Экономико- статистическое изучение потребления  |f В. Н. Салин 
210 |a Москва  |c Финансы и статистика  |d 1990 
215 |a 126 с. 
320 |a Библиогр.: с. 123-124. 
320 |a Предметный указатель: с. 125. 
606 1 |a Потребности  |x Экономика  |2 stltpush  |3 (RuTPU)RU\TPU\subj\36661  |9 57962 
606 1 |a Потребление  |x Социологические проблемы  |2 stltpush  |3 (RuTPU)RU\TPU\subj\37797  |9 58603 
610 1 |a экономико-статистические подходы 
610 1 |a экономико-статистические расчеты 
610 1 |a статистическое наблюдение 
610 1 |a статистика 
610 1 |a мнения 
686 |a С55.47  |v LBC/SL-A  |2 rubbk 
700 1 |a Салин  |b В. Н.  |g Виктор Николаевич 
801 1 |a RU  |b 63413507  |c 20130919 
801 2 |a RU  |b 63413507  |c 20130926  |g RCR 
942 |c BK